000 00728nam a22002417a 4500
008 130825b xxu||||| |||| 00| 0 eng d
020 _a984-32-0674-6
037 _a316-330
_bbuy
_cavailable
040 _aMBSTU Library
_dMBSTU Library
082 _222
_a622.77 ISE
100 _aIslam,Md. Sekul
110 _a
245 _aElectricity, electrical circuits and magnetics
260 _aDhaka
_bBook World
_c2003
300 _a22 cm
_b222 page
_f15
_g22 cm
600 _aElectrostatic and magnetic Separation
700 _aIslam, Md. Sekul
710 _a
270 _aDhaka
_bDhaka
_dBangladesh
365 _b150.00
_d150.00
942 _2ddc
_cBK
999 _c610
_d610